[Event "ch-UKR semi-final"]
[Site "Alushta UKR"]
[Date "2011.05.03"]
[Round "1.40"]
[White "Rakhmangulov,A"]
[Black "Domnin,S"]
[Result "1-0"]
[WhiteElo "2395"]
[BlackElo "2067"]

1.d4 f5 2.Nf3 Nf6 3.g3 g6 4.Bg2 Bg7 5.O-O O-O 6.c4 d6 7.b4 Qe8 8.Bb2 c6 9.Qb3 e6
10.Nbd2 d5 11.a4 Nbd7 12.b5 h6 13.a5 a6 14.bxc6 bxc6 15.Ba3 Rf7 16.Qa4 Bb7
17.Rab1 Ra7 18.e3 Ne4 19.Nxe4 fxe4 20.Nd2 Bf8 21.Bxf8 Nxf8 22.Qc2 Kg7 23.Nb3 Nd7
24.Rfc1 Qe7 25.Bh3 Ra8 26.cxd5 cxd5 27.Qc7 Ra7 28.Rc2 h5 29.Rcb2 g5 30.Nc1 Nf8
31.Qxe7 Rxe7 32.Rc2 Kf6 33.Nb3 Ra8 34.Nc5 Bc8 35.Rbc1 Re8 36.Na4 Bb7 37.Nb6 Rab8
38.Rb2 Kf7 39.Bf1 Re7 40.Rc3 Kg7 41.Na4 Ra8 42.Rb6 Kf7 43.Nc5 Bc8 44.Rc6 Bb7
45.Nxb7 Rxb7 46.Rc7+ Rxc7 47.Rxc7+ Kf6 48.Rc6 Rb8 49.Rxa6 Rb1 50.Ra8 Nh7
51.h3 Ra1 52.Kg2 Kf7 53.Ra7+ Kg6 54.a6 Nf6 55.Re7 Kf5 56.Bb5 Ra5 57.a7 g4
58.h4  1-0

[Event "ch-UKR semi-final"]
[Site "Alushta UKR"]
[Date "2011.05.04"]
[Round "2.51"]
[White "Onikienko,V"]
[Black "Zaichuk,V"]
[Result "1-0"]
[WhiteElo "2205"]
[BlackElo "2020"]

1.Nf3 f5 2.d4 Nf6 3.g3 g6 4.Bg2 Bg7 5.O-O O-O 6.c4 d6 7.Nc3 c6 8.Rb1 Qc7
9.d5 e5 10.dxe6 Bxe6 11.b3 Na6 12.Ng5 Qe7 13.Ba3 Rad8 14.Qc2 Ng4 15.Nxe6 Qxe6
16.h3 Ne3 17.fxe3 Qxe3+ 18.Kh2 Qxc3 19.Qxc3 Bxc3 20.b4 Rfe8 21.Rb3 Bg7 22.Bf3 Nc7
23.b5 cxb5 24.cxb5 b6 25.Rd1 d5 26.Bc1 d4 27.e3 Ne6 28.Bc6 Re7 29.exd4 Nxd4
30.Bg5 Re2+ 31.Kh1 Rf8 32.Ra3 a5 33.Re3 Rc2 34.Bd5+ Kh8 35.a4 Rfc8 36.Rde1 Rf8
37.Be7 Rfc8 38.Ba3 Bf6 39.Re8+ Rxe8 40.Rxe8+  1-0

[Event "ch-UKR semi-final"]
[Site "Alushta UKR"]
[Date "2011.05.08"]
[Round "6.42"]
[White "Shtembuliak,E"]
[Black "Borisenko,V"]
[Result "1/2-1/2"]
[WhiteElo "2103"]
[BlackElo "2302"]

1.Nf3 g6 2.g3 Bg7 3.Bg2 f5 4.d4 Nf6 5.O-O O-O 6.c4 d6 7.Nc3 Nc6 8.d5 Na5
9.Nd2 c5 10.dxc6 bxc6 11.Rb1 Be6 12.b3 Rc8 13.Bb2 Bf7 14.e4 e5 15.Qc2 f4
16.c5 d5 17.b4 Nb7 18.Nf3 d4 19.Rbd1 Qe7 20.Ne2 fxg3 21.hxg3 Ng4 22.Nc1 Be6
23.Nh2 h5 24.Nd3 Nxh2 25.Kxh2 h4 26.Bc1 a5 27.a3 axb4 28.axb4 Ra8 29.Bd2 Ra2
30.Qc1 Bf6 31.gxh4 Bxh4 32.f4 Qh7 33.Kg1 Bg3 34.Rf3 Qh2+ 35.Kf1 g5 36.f5 g4
37.Rxg3 Qxg3 38.Nf2 Bb3 39.Be1 Rfa8 40.Qg5+ Kf7 41.Qg6+ Kf8 42.Qh6+ Kf7 43.Qh7+ Ke8
44.Qxb7 Bxd1 45.Qxc6+ Kf8  1/2-1/2

[Event "TCh-POL Ekstraliga"]
[Site "Wroclaw POL"]
[Date "2011.05.08"]
[Round "3.4"]
[White "Klim,K"]
[Black "Wojcieszyn,J"]
[Result "1-0"]
[WhiteElo "2314"]
[BlackElo "2262"]

1.d4 f5 2.Nf3 Nf6 3.g3 g6 4.Bg2 Bg7 5.O-O O-O 6.c4 c6 7.b3 Ne4 8.Bb2 Na6
9.Nbd2 d5 10.Ne1 Be6 11.cxd5 cxd5 12.Nd3 Qa5 13.Nf3 Nb4 14.Nfe5 Nxd3 15.exd3 Nf6
16.Re1 Bf7 17.Qe2 Rac8 18.Rac1 Rxc1 19.Bxc1 Be8 20.h3 Nd7 21.Qd2 Qb5 22.Ba3 Bf6
23.Nxd7 Bxd7 24.Bxe7 Bxe7 25.Rxe7 Re8 26.a4 Qc6 27.Re5 Be6 28.Qa5 b6 29.Qe1 Kf7
30.Kh2 Rc8 31.Qe3 Rc7 32.h4 h5 33.Qh6 Rd7 34.Re1 Qd6 35.Rc1 Qf8 36.Qe3 Qd6
37.Rc2 Rc7 38.Rxc7+ Qxc7 39.Qd2 Qd6 40.a5 Qc6 41.Qb4 bxa5 42.Qxa5 Qb6 43.Qc3 a5
44.Bf3 Kf6 45.Kg2 Qb4 46.Qc7 Qxb3 47.Qxa5 Kf7 48.Qd2 Kf6 49.Bd1 Qb5 50.Qc3 Bd7
51.Qa3 Kf7 52.Bb3 Bc6 53.Ba2 Qb7 54.Bb3 Qb6 55.Qc5 Qb7 56.Bd1 Bd7 57.Qd6 Be6
58.Ba4 Qe7 59.Qe5 Qd8 60.Bc6 Qf6 61.Bb7 Qd8 62.Bc6 Qf6 63.Kf3 Qd8 64.Kf4 Qa5
65.Be8+ Ke7 66.Bxg6 Qd2+ 67.Qe3 Qd1 68.Bxf5  1-0

[Event "9th Somov Mem"]
[Site "Kirishi RUS"]
[Date "2011.05.09"]
[Round "3"]
[White "Goganov,A"]
[Black "Grigoryan,K2"]
[Result "1/2-1/2"]
[WhiteElo "2480"]
[BlackElo "2463"]

1.d4 f5 2.g3 Nf6 3.Bg2 g6 4.c4 Bg7 5.Nf3 O-O 6.O-O d6 7.Nc3 Nc6 8.d5 Na5
9.Qa4 c5 10.dxc6 Nxc6 11.Rd1 Ne4 12.Nxe4 fxe4 13.Ng5 Nd4 14.Re1 b5 15.Qd1 bxc4
16.Nxe4 Rb8 17.e3 Nf5 18.Nc3 Be6 19.Qc2 Bf7 20.Bd2 Qb6 21.Rab1 Rfd8 22.Qa4 Qc5
23.Ne4 Qb5 24.Qxa7 h6 25.Nc3 Qe8 26.Qa4 Qxa4 27.Nxa4 Rd7 28.Nc3 d5 29.b3 cxb3
30.axb3 d4 31.Ne4 dxe3 32.Bxe3 Nxe3 33.Rxe3 Rd4 34.Nc5 Bf6 35.Rd3 Rbb4 36.Rxd4  1/2-1/2

[Event "TCh-UKR Clubs 2011"]
[Site "Alushta UKR"]
[Date "2011.05.13"]
[Round "1.5"]
[White "Razin,V"]
[Black "Zherebukh,Y"]
[Result "0-1"]
[WhiteElo "2311"]
[BlackElo "2586"]

1.d4 f5 2.Nf3 Nf6 3.c4 g6 4.g3 Bg7 5.Bg2 O-O 6.O-O d6 7.Nc3 c6 8.Re1 Ne4
9.Qc2 Nxc3 10.bxc3 e5 11.dxe5 dxe5 12.Ba3 Re8 13.Rad1 Qa5 14.Bb4 Qb6 15.Ng5 Bf6
16.c5 Qc7 17.Qb3+ Kf8 18.h4 a5 19.Ba3 h6 20.Rd6 Kg7 21.Nf3 e4 22.Nd2 Qf7
23.Qxf7+ Kxf7 24.Rb1 Ra7 25.e3 Nd7 26.Nc4 Ne5 27.Bf1 Be6 28.Nb6 Bxa2 29.Ra1 Bb3
30.Be2 a4 31.Kg2 h5 32.Bb4 Be7 33.Rd2 Rd8 34.Rxd8 Bxd8 35.Nc8 Ra8 36.Nd6+ Ke6
37.Nxb7 Bc7 38.Nd6 Nd3 39.Bd1 Bxd1 40.Rxd1 Bxd6 41.cxd6 a3 42.d7 a2 43.Ba3 Kxd7  0-1

[Event "ch-CZE"]
[Site "Pardubice CZE"]
[Date "2011.05.19"]
[Round "8"]
[White "Krejci,Jan2"]
[Black "Simacek,P"]
[Result "1-0"]
[WhiteElo "2489"]
[BlackElo "2462"]

1.d4 f5 2.c4 Nf6 3.Nf3 g6 4.g3 Bg7 5.Bg2 O-O 6.O-O d6 7.Nc3 c6 8.Qc2 a5 9.Rd1 Bd7
10.a3 Na6 11.Rb1 Ne4 12.Nxe4 fxe4 13.Ng5 d5 14.cxd5 cxd5 15.Qb3 e6 16.f3 a4
17.Qe3 h6 18.Nh3 exf3 19.exf3 Qf6 20.Nf4 Nc7 21.Bd2 Nb5 22.Bb4 Rf7 23.Bc5 Re8
24.Qd3 Nxd4 25.Nxd5 Ne2+ 26.Qxe2 exd5 27.Qf2 Bf5 28.Bd4 Qa6 29.Bf1 Qd6 30.Rbc1 Be4
31.Bg2 Bxd4 32.Rxd4 Qf8 33.Rc3 b5 34.Qf1 Rc8 35.Rxc8 Qxc8 36.Qxb5 Qc1+ 37.Kf2 Bc2
38.Qc5 Qb1 39.Rxd5 Bb3 40.Rd8+ Kh7 41.Qc3 Qc2+ 42.Qxc2 Bxc2 43.Bh3 Rf6 44.Rd7+ Kh8
45.Rd4 Rb6 46.Rb4 Rd6 47.Ke3 Rd3+ 48.Ke2 Rd6 49.f4 Kg7 50.Bg2 Bb3 51.Be4 g5
52.Rb7+ Kg8 53.Rc7 gxf4 54.gxf4 Bf7 55.Rc6 Rd8 56.Rb6 Kg7 57.Bc2 Re8+ 58.Kf2 Bc4
59.Bxa4 Re2+ 60.Kf3 Rxh2 61.Bd7 h5 62.Kg3 Rh1 63.Bc6 h4+ 64.Kg4 Be6+ 65.Kg5 Rg1+
66.Kxh4 Rg4+ 67.Kh3 Rxf4+ 68.Kg3 Rd4 69.a4 Bd5 70.Bxd5 Rxd5 71.Kf3 Kf7 72.Ke4 Rd1
73.a5 Ke7 74.b4 Kd7 75.Rb7+ Kc8 76.a6 Ra1 77.b5 Rd1 78.Rh7 Kb8 79.b6 Rd8
80.Re7 Ka8 81.Ke5 Rh8 82.Kd6 Rd8+ 83.Ke6 Rb8 84.Ra7+  1-0

[Event "ch-KAZ 2011"]
[Site "Astana KAZ"]
[Date "2011.05.21"]
[Round "7"]
[White "Akkozov,B"]
[Black "Kozganbayev,E"]
[Result "0-1"]
[WhiteElo "2369"]
[BlackElo "2271"]

1.d4 f5 2.g3 Nf6 3.Bg2 g6 4.Nf3 Bg7 5.O-O O-O 6.c4 d6 7.b3 e5 8.dxe5 dxe5
9.Nc3 e4 10.Ne1 Nc6 11.Nc2 Be6 12.Bb2 Qe8 13.Qc1 Rd8 14.Qf4 Ng4 15.Rad1 Qf7
16.Qc1 h5 17.Rxd8 Rxd8 18.Rd1 Rxd1+ 19.Qxd1 h4 20.Ba1 hxg3 21.hxg3 Be5 22.Nb5 Qg7
23.Bxe5 Qxe5 24.Qa1 Qc5 25.e3 Qe7 26.Nbd4 Nce5 27.Nxe6 Qxe6 28.Qd4 Qd6 29.Ne1 Qb4
30.Kf1 Qa5 31.a4 Kf7 32.Ke2 Qb4 33.Qd1 Qc5 34.Qc2 Qb4 35.f3 Nxe3 36.Qb2  0-1

[Event "Orlova Open"]
[Site "Orlova CZE"]
[Date "2011.05.25"]
[Round "5.10"]
[White "Lys,J"]
[Black "Gazik,Viktor"]
[Result "1/2-1/2"]
[WhiteElo "2170"]
[BlackElo "1923"]

1.d4 f5 2.g3 Nf6 3.Bg2 g6 4.Nf3 Bg7 5.O-O O-O 6.c4 d6 7.Nc3 c6 8.b3 Qe8 9.Ba3 h6
10.h4 Nh5 11.Qd2 f4 12.Kh2 fxg3+ 13.fxg3 Nd7 14.Ne4 Nb6 15.Ng1 Bf5 16.Nf2 Qd7
17.Bf3 d5 18.cxd5 cxd5 19.e3 Rf7 20.Rac1 Be6 21.Qc2 Raf8 22.Qxg6 Nf6 23.Qd3 Nc8
24.Ngh3 Bf5 25.Qe2 Nd6 26.Bxd6 Qxd6 27.Nd3 Ne4 28.Nhf4 Bf6 29.Rg1 Rg7 30.Nc5 e5
31.dxe5 Bxe5 32.Nxe4 dxe4 33.Bh1 Kh8 34.Rc4 b5 35.Rc2 Qf6 36.Qf2 Rfg8 37.Rc5 Rxg3
38.Qxg3 Rxg3 39.Kxg3 Bxf4+ 40.exf4 Qd4 41.Rgc1 Qe3+ 42.Kg2 Qf3+ 43.Kg1 Qxf4
44.Bg2 e3 45.Rf1 Qd4 46.Rd5 Qb6 47.Rdxf5 e2+ 48.R5f2 exf1=Q+ 49.Bxf1 Qd4
50.Bxb5 Qg4+ 51.Rg2 Qxh4 52.Bc4 Qe1+ 53.Kh2 h5 54.a4 h4 55.Rg1 Qe5+ 56.Kh3 Qf5+
57.Kh2 h3 58.Rg3 Qf2+ 59.Kxh3  1/2-1/2

[Event "Orlova Open"]
[Site "Orlova CZE"]
[Date "2011.05.28"]
[Round "8.8"]
[White "Ockay,T"]
[Black "Gazik,Viktor"]
[Result "1/2-1/2"]
[WhiteElo "2175"]
[BlackElo "1923"]

1.Nf3 g6 2.d4 f5 3.g3 Nf6 4.Bg2 Bg7 5.O-O O-O 6.c4 d6 7.Qc2 Nc6 8.Rd1 Qe8
9.Nc3 e5 10.dxe5 dxe5 11.Nd5 Rf7 12.Ng5 Rd7 13.Nxf6+ Bxf6 14.Bd5+ Kh8 15.Be3 Nb4
16.Qb3 Nxd5 17.cxd5 Qe7 18.Ne6 b6 19.Nxc7 Rb8 20.Nb5 Ba6 21.Rac1 Rbd8 22.Rc2 Qf7
23.Rcd2 g5 24.f3 h5 25.Bf2 g4 26.f4 h4 27.fxe5 Bxe5 28.Bd4 Bxd4+ 29.Rxd4 hxg3
30.hxg3 Bb7 31.Qe3 Rxd5 32.Qh6+ Kg8 33.Qg5+ Kh7 34.Kf2 Rxd4 35.Rxd4 Rxd4
36.Nxd4 Be4 37.Qh4+ Kg6 38.Qd8  1/2-1/2

[Event "Orlova Open"]
[Site "Orlova CZE"]
[Date "2011.05.28"]
[Round "8.2"]
[White "Jaworski,Mi"]
[Black "Jakubiec,A"]
[Result "1/2-1/2"]
[WhiteElo "2345"]
[BlackElo "2535"]

1.d4 f5 2.g3 Nf6 3.Bg2 g6 4.Nf3 Bg7 5.O-O O-O 6.c4 d6 7.Nc3 c6 8.d5 e5 9.dxe6 Bxe6
10.Qd3 Nbd7 11.b3 d5 12.cxd5 Bxd5 13.Nxd5 Nxd5  1/2-1/2

[Event "IV Sudety Open"]
[Site "Szklarska Poreba POL"]
[Date "2011.06.02"]
[Round "6"]
[White "Klim,K"]
[Black "Malaniuk,V"]
[Result "1/2-1/2"]
[WhiteElo "2314"]
[BlackElo "2473"]

1.d4 f5 2.Nf3 Nf6 3.g3 g6 4.Bg2 Bg7 5.O-O O-O 6.c4 d6 7.b3 Ne4 8.Bb2 Nc6
9.Nbd2 Nxd2 10.Qxd2 e5 11.d5 Nb8 12.Ng5 Qe7 13.f4 e4 14.e3 Bxb2 15.Qxb2 a5
16.Nh3 c6 17.dxc6 Nxc6 18.Rad1 Nb8 19.Ra1 Qg7  1/2-1/2

[Event "TCh-FRA Top 12 2011"]
[Site "Mulhouse FRA"]
[Date "2011.06.03"]
[Round "9"]
[White "Peralta,Fe"]
[Black "Koch,JR"]
[Result "1/2-1/2"]
[WhiteElo "2608"]
[BlackElo "2476"]

1.d4 f5 2.g3 Nf6 3.Bg2 g6 4.Nf3 Bg7 5.O-O O-O 6.c4 d6 7.Nc3 Qe8 8.d5 a5 9.Rb1 Bd7
10.b3 Na6 11.Bb2 Nc5 12.Nd4 c6 13.a3 Rc8 14.Ba1 Qf7 15.Qd2 Rfd8 16.Rfd1 Rf8
17.Na4 Nxa4 18.bxa4 cxd5 19.cxd5 Bxa4 20.Rdc1 Ne4 21.Qxa5 Ra8 22.Qb4 Qxd5
23.Rc7 Bf6 24.Qxb7 Qxb7 25.Rcxb7 Rfc8 26.g4 Nc3 27.Bxc3 Rxc3 28.Bd5+ Kg7
29.Ne6+ Kh6 30.g5+ Bxg5 31.Nxg5 Kxg5 32.Rxe7 Bc6 33.Rc7 Ra6 34.a4 Kf4 35.a5 Ke5
36.Bxc6 Rcxc6 37.Rb5+ Ke6 38.Rxh7 Rc5 39.Rb8 f4 40.Re8+ Kd5 41.Rf7 g5 42.h4 gxh4
43.Rxf4 Raxa5 44.Rxh4 Ra1+ 45.Kg2 Rc7 46.Rh5+ Kc6 47.Rg5 Rh7 48.e3 Rhh1 49.Rf5 Rhg1+
50.Kf3 Rg6 51.Re7 Ra2 52.Rff7 d5 53.Rb7 Ra6 54.Rb4 Kc5 55.Rbf4 Rae6 56.R4f5 Kc6
57.Ra7 Rd6 58.Ke2 Kb6 59.Ra1 Kc6 60.Kd3 Kd7 61.Kd4 Rg4+ 62.f4 Rg2 63.Ra7+ Ke8
64.Ra5 Rd2+ 65.Kc3 Rd1 66.Kc2 Re1 67.Kd2 Rh1 68.Rfxd5 Rb6 69.Rdb5 Rd6+ 70.Rd5 Rb6
71.Rdb5 Rd6+ 72.Ke2 Rh2+ 73.Kf3 Rh3+ 74.Ke4 Kf7 75.Rf5+ Kg7 76.Rg5+ Kh6 77.Rgd5 Rb6
78.Rab5 Ra6 79.Ra5 Rb6 80.Rab5 Ra6 81.Rd4 Re6+ 82.Kf5 Rhxe3 83.Re5 R6xe5+
84.fxe5 Kg7 85.Ke6 Re1 86.Rd7+ Kf8 87.Rd8+ Kg7 88.Re8 Ra1 89.Re7+ Kf8 90.Rd7 Ke8
91.Rd6 Rh1  1/2-1/2

[Event "35th Open"]
[Site "Fourmies FRA"]
[Date "2011.06.13"]
[Round "6.1"]
[White "David,Alb"]
[Black "Haub,TM"]
[Result "1/2-1/2"]
[WhiteElo "2593"]
[BlackElo "2459"]

1.d4 g6 2.c4 Bg7 3.Nf3 f5 4.g3 Nf6 5.Bg2 O-O 6.O-O c6 7.Nc3 d6 8.b3 Na6 9.Bb2 Qe8
10.d5 Bd7 11.Rc1 h6 12.e3 g5 13.Nd4 Rc8 14.Qc2 Ng4 15.Qd2 Qh5 16.h3  1/2-1/2

[Event "Teplice Open"]
[Site "Teplice CZE"]
[Date "2011.06.17"]
[Round "7"]
[White "Kozak,Mi"]
[Black "Khaetsky,R"]
[Result "0-1"]
[WhiteElo "2211"]
[BlackElo "2394"]

1.d4 f5 2.Nf3 Nf6 3.g3 g6 4.Bg2 Bg7 5.c4 O-O 6.O-O d6 7.Nc3 Qe8 8.d5 a5 9.Rb1 Bd7
10.b3 Na6 11.Bb2 h6 12.Nd4 g5 13.e3 Nc5 14.Qe2 c6 15.Ba1 Nfe4 16.Qc2 Nxc3
17.Bxc3 Ne4 18.dxc6 bxc6 19.Bxe4 fxe4 20.Qxe4 e5 21.Ne2 Bf5 22.Qg2 Bxb1 23.Rxb1 Qg6
24.Rd1 Qc2 25.Rd2 Qb1+ 26.Qf1 Qxf1+ 27.Kxf1 Rfd8 28.e4 g4 29.Rd3 Kf7 30.Bd2 Ke6
31.Nc3 Bf6 32.Kg2 Bg5 33.Bxg5 hxg5 34.h3 gxh3+ 35.Kxh3 Rd7 36.Kg4 Rh8 37.Na4 Rf7
38.f3 Rh2 39.Nc3 Rd7 40.Rd1 Rdh7 41.Rd3 Rg2 42.a3 Rh4+  0-1

[Event "1st Forni Open"]
[Site "Forni di Sopra ITA"]
[Date "2011.06.18"]
[Round "9"]
[White "Estremera Panos,S"]
[Black "Stopa,Ja"]
[Result "0-1"]
[WhiteElo "2364"]
[BlackElo "2460"]

1.d4 f5 2.g3 Nf6 3.Bg2 g6 4.Nf3 Bg7 5.c4 O-O 6.O-O d6 7.Nc3 Nc6 8.d5 Ne5
9.Qb3 Nxf3+ 10.Bxf3 Nd7 11.Qc2 Ne5 12.Bg2 c6 13.dxc6 bxc6 14.b3 Bd7 15.e3 Qe8
16.f4 Nf7 17.Bb2 e5 18.Rad1 Qd8 19.Na4 Qc7 20.Rf2 Rae8 21.Rfd2 Bc8 22.Ba3 Re6
23.Bb2 Rfe8 24.h3 h5 25.Nc3 Qb6 26.Kh2 Qxe3 27.Bxc6 exf4 28.Rd3 fxg3+ 29.Kg2 Qe2+
30.Nxe2 Rxe2+ 31.Kg1 Rxc2 32.Bxg7 Kxg7 33.Bxe8 h4 34.Bxf7 Kxf7 35.Rxd6 f4
36.R6d4 g5 37.Rf1 Bxh3 38.Rfxf4+ gxf4  0-1

[Event "Teplice Open"]
[Site "Teplice CZE"]
[Date "2011.06.19"]
[Round "9"]
[White "Bernasek,J"]
[Black "Khaetsky,R"]
[Result "1/2-1/2"]
[WhiteElo "2479"]
[BlackElo "2394"]

1.d4 f5 2.Nf3 Nf6 3.g3 g6 4.Bg2 Bg7 5.O-O O-O 6.c4 d6 7.Nc3 Qe8 8.d5 a5 9.Bd2 Na6
10.Qc1 Bd7 11.Bh6 Qf7 12.Bxg7 Qxg7 13.Nd4 Nc5 14.Qd2 a4 15.Rab1 Rac8 16.f4 c6
17.e3 cxd5 18.cxd5 Qf7 19.Rfc1 Nfe4 20.Nxe4 fxe4 21.b4 axb3 22.Nxb3 Nxb3
23.axb3 Bf5 24.Rc4 Rc5 25.Rxc5 dxc5 26.Bf1 Kg7 27.b4 Rd8 28.bxc5 Rxd5 29.Qc1 Rd7
30.Rb6 e5 31.Qa1 Qe7 32.Qxe5+ Qxe5 33.fxe5 Kf7 34.Bc4+ Ke7 35.Rf6 Rd1+ 36.Kf2 Rd2+
37.Ke1 Rc2 38.Bg8 Rxc5 39.Rf7+ Ke8 40.Rxb7 Rxe5 41.Bxh7 Kf8 42.Kf2 Rc5 43.g4 Bxg4
44.Bxg6 Bf3 45.Bh7 Rg5 46.Rb4 Rg2+ 47.Kf1 Rxh2 48.Bxe4 Bxe4 49.Rxe4 Kf7 50.Rd4 Rh8  1/2-1/2

[Event "Baltija Cup Open A"]
[Site "Palanga LTU"]
[Date "2011.06.21"]
[Round "4.2"]
[White "Beinoras,M"]
[Black "Krustkalns,K"]
[Result "1/2-1/2"]
[WhiteElo "2358"]
[BlackElo "2270"]

1.d4 f5 2.c4 Nf6 3.Nf3 g6 4.g3 Bg7 5.Bg2 O-O 6.O-O d6 7.d5 e5 8.dxe6 c6 9.Ng5 Qe7
10.Nc3 h6 11.Nf3 Bxe6 12.Nh4 Kh7 13.e4 fxe4 14.Nxe4 d5 15.Nxf6+ Bxf6 16.cxd5 Bxd5
17.Bxd5 cxd5 18.Ng2 d4 19.Nf4 Qd7 20.Nd3  1/2-1/2

[Event "Mukachevo Summer"]
[Site "Mukachevo UKR"]
[Date "2011.06.23"]
[Round "4"]
[White "Grinev,V"]
[Black "Nosenko,A"]
[Result "0-1"]
[WhiteElo "2379"]
[BlackElo "2522"]

1.d4 f5 2.Nf3 Nf6 3.g3 g6 4.c4 Bg7 5.Bg2 O-O 6.O-O d6 7.b4 c6 8.Bb2 a5 9.b5 d5
10.Nbd2 a4 11.Rc1 cxb5 12.cxb5 Bd7 13.Ba3 Bxb5 14.Rb1 Ba6 15.Qxa4 Nc6 16.Qb3 Ne4
17.Rfe1 Nxd2 18.Nxd2 Nxd4 19.Qxd5+ e6 20.Qc5 Nxe2+ 21.Rxe2 Bxe2 22.Qe3 Rxa3
23.Qxe2 Kh8 24.Nc4 Qd3 25.Qxd3 Rxd3 26.Bxb7 Rb8 27.Na5 Rc3 28.Rb5 Rc7 29.Bc6 Rxb5
30.Bxb5 Ra7  0-1

[Event "V4 IM/WGM tournament Liptov 2011"]
[Site "Liptovsky Mikulas SVK"]
[Date "2011.06.27"]
[Round "7"]
[White "Caletka,R"]
[Black "Mikrut,D"]
[Result "1/2-1/2"]
[WhiteElo "2357"]
[BlackElo "2358"]

1.d4 f5 2.Nf3 Nf6 3.g3 g6 4.Bg2 Bg7 5.O-O O-O 6.c4 d6 7.Nc3 e6 8.b3 h6 9.Bb2 g5
10.Qc2 Nc6 11.Rad1 Qe8 12.Nb5 Qf7 13.d5 Nd8 14.dxe6 Nxe6 15.Nbd4 Ne4  1/2-1/2

[Event "TCh-TUR 2011"]
[Site "Konya TUR"]
[Date "2011.06.30"]
[Round "3"]
[White "Firat,Deniz"]
[Black "Tandogan,Buket"]
[Result "1/2-1/2"]
[WhiteElo "1635"]
[BlackElo "1548"]

1.d4 f5 2.c4 Nf6 3.Nf3 g6 4.g3 Bg7 5.Bg2 O-O 6.O-O d6 7.Nc3 Qe8 8.d5 a5 9.Nd4 Na6
10.Rb1 h6 11.a3 g5 12.b4 axb4 13.axb4 Qg6 14.Ne6 Bxe6 15.dxe6 Ne4 16.Nxe4 fxe4
17.Qd5 c6 18.Qxe4 Qxe4 19.Bxe4 Rf6 20.b5 Nc5 21.Bf3 Rc8 22.Bb2 Rff8 23.Bxg7 Kxg7
24.bxc6 bxc6 25.Rb6 Nxe6 26.Rxc6 Rxc6 27.Bxc6 Nd4 28.Bb5 Nxe2+ 29.Kg2 Nd4
30.Re1 Kf6 31.Bd7 Rd8 32.Bg4 e6 33.Re4 Nf5  1/2-1/2

[Event "TCh-TUR 2011"]
[Site "Konya TUR"]
[Date "2011.06.30"]
[Round "3"]
[White "Pantsulaia,L"]
[Black "Afyoncu,O"]
[Result "1-0"]
[WhiteElo "2613"]
[BlackElo "2112"]

1.Nf3 f5 2.g3 Nf6 3.Bg2 g6 4.O-O Bg7 5.c4 O-O 6.d4 d6 7.Nc3 Qe8 8.b4 h6 9.Qb3 Kh8
10.Bb2 g5 11.d5 a5 12.a3 Na6 13.Nd4 Bd7 14.e3 Ng4 15.Nce2 Ba4 16.Qc3 c5 17.dxc6 Bxc6
18.f3 Ne5 19.b5 Bxf3 20.Bxf3 Nc5 21.Qc2 e6 22.Rad1 a4 23.Bg2 Ng4 24.Qc1 h5
25.Nf3 Qe7 26.Bxg7+ Kxg7 27.h3 Nh6 28.Qc3+ Kh7 29.Qd4 Rad8 30.h4 gxh4 31.Qxh4 Qxh4
32.gxh4 Ng4 33.Ng5+ Kh6 34.Nf4 Rf6 35.Nd3 Nxd3 36.Rxd3 Ne5 37.Rd4 b6 38.Rfd1 Rc8
39.Rxd6 Rxc4 40.Nxe6 Rxh4 41.Nf4 Rxd6 42.Rxd6+ Kh7 43.Rxb6 Nc4 44.Re6 Rg4
45.b6  1-0

[Event "e2e4 ch-IRL"]
[Site "Dublin IRL"]
[Date "2011.07.03"]
[Round "2"]
[White "Loughran,J"]
[Black "Keogh,E"]
[Result "0-1"]
[WhiteElo "1916"]
[BlackElo "2015"]

1.d4 f5 2.c4 Nf6 3.g3 g6 4.Bg2 Bg7 5.Nf3 O-O 6.O-O d6 7.d5 c6 8.Nd4 c5 9.Nf3 h6
10.Qc2 e6 11.dxe6 Nc6 12.Nc3 Bxe6 13.Nd2 Qe7 14.Rb1 Rad8 15.b3 d5 16.Ba3 Nd4
17.Qc1 Ne4 18.Ndxe4 dxe4 19.e3 Nc6 20.Na4 b6 21.Bb2 Ne5 22.Qc2 h5 23.Rfd1 h4
24.Rxd8 Rxd8 25.Rd1 hxg3 26.Rxd8+ Qxd8 27.hxg3 Kf7 28.Nc3 Qd3 29.Qc1 Qd7
30.Na4 g5 31.Qc2 Bf6 32.Nc3 Nd3 33.Na4 Ne5 34.Nc3 Nc6 35.a3 Na5 36.Bf1 Nc6
37.Na4 Ne5 38.Be2 Kg6 39.Qd1 Qxd1+ 40.Bxd1 Bd7 41.Be2 Bxa4 42.Bxe5 Bxb3 43.Bb8 Bd8
44.Be5 Kf7 45.Bb8 Ke6 46.g4 a6 47.gxf5+ Kxf5 48.Kg2 Ba4 49.Bd6 Ke6 50.Bb8 b5
51.Bg4+ Ke7 52.Bf5 Bc2 53.cxb5 axb5 54.Be5 b4 55.axb4 cxb4 56.Bb2 b3 57.Kg3 Kf7
58.Bd7 Bd3 59.Bc6 Ke6 60.f3 exf3 61.Kxf3 Bc4 62.Be4 Bd5 63.Bxd5+ Kxd5 64.e4+ Kc4
65.e5 Kd3  0-1

[Event "Karvina Open"]
[Site "Karvina CZE"]
[Date "2011.07.03"]
[Round "2.20"]
[White "Soltau,A"]
[Black "Zwardon,V"]
[Result "0-1"]
[WhiteElo "1995"]
[BlackElo "2231"]

1.Nf3 f5 2.g3 Nf6 3.d4 g6 4.Bg2 Bg7 5.O-O O-O 6.c4 d6 7.Nc3 c6 8.d5 Na6 9.Nd4 c5
10.Ne6 Bxe6 11.dxe6 Rb8 12.Rb1 Nc7 13.Nd5 Nxe6 14.Nxf6+ Rxf6 15.Bd5 Qd7 16.b4 cxb4
17.Rxb4 Kh8 18.Bb2 Rff8 19.Bxg7+ Nxg7 20.Qb3 b6 21.Rd1 f4 22.Bf3 fxg3 23.hxg3 Qc7
24.Rb1 Rbc8 25.Qc3 Qc5 26.Qd3 Nf5 27.Kg2 Nd4 28.Bg4 Nc6 29.Qc3+ e5 30.e3 Nxb4
31.Bxc8 Nxa2 32.Qd2 Rxc8 33.Qxa2 Qxc4 34.Qxc4 Rxc4 35.Rd1 a5 36.Rxd6 Rb4
37.Rd7 a4 38.Ra7 b5 39.Kf3 Kg8 40.g4 h5 41.gxh5 gxh5 42.Re7 e4+ 43.Kf4 a3  0-1

[Event "1st Crakow Closed GM"]
[Site "Krakow POL"]
[Date "2011.07.05"]
[Round "3.5"]
[White "Banusz,T"]
[Black "Jakubiec,A"]
[Result "1/2-1/2"]
[WhiteElo "2554"]
[BlackElo "2532"]

1.d4 f5 2.g3 Nf6 3.Bg2 g6 4.Nf3 Bg7 5.O-O O-O 6.c4 d6 7.b4 c6 8.Bb2 a5 9.b5 a4
10.bxc6 bxc6 11.Qc2 Na6 12.Qxa4 Bd7 13.Qc2 c5 14.a3 cxd4 15.Nxd4 Rb8 16.Nb5 Qc8
17.a4 Bxb5 18.axb5 Rxb5 19.Bd4 Rb8 20.Nd2 Nc5 21.Ra7 e5 22.Bc3 Qe6 23.Rb1 Rxb1+
24.Qxb1 e4 25.Qb5 Rf7 26.Ra8+ Rf8 27.Ra7 Rf7 28.Ra8+ Rf8 29.Ra7 Rf7 30.Ra8+ Rf8  1/2-1/2

[Event "e2e4 ch-IRL"]
[Site "Dublin IRL"]
[Date "2011.07.06"]
[Round "5"]
[White "O'Connell,G"]
[Black "Keogh,E"]
[Result "1-0"]
[WhiteElo "2142"]
[BlackElo "2015"]

1.d4 f5 2.Nf3 Nf6 3.g3 g6 4.Bg2 Bg7 5.O-O O-O 6.c4 e6 7.Nc3 Qe7 8.b3 d6 9.Bb2 c6
10.Re1 e5 11.dxe5 dxe5 12.e4 Nxe4 13.Nxe4 fxe4 14.Rxe4 Bf5 15.Re1 Nd7 16.Qe2 Rae8
17.Rad1 e4 18.Nd4 Nf6 19.Nxf5 gxf5 20.Qd2 Rd8 21.Qg5 h6 22.Qc1 Nd7 23.Bxg7 Qxg7
24.Rd6 Ne5 25.Red1 Rxd6 26.Rxd6 Qg5 27.Qd1 Nd3 28.h4 Qe7 29.Rg6+ Kf7 30.Qh5 Qe5
31.Rxh6+ Ke7 32.Rh7+ Ke6 33.Rxb7 Qb2 34.Qh7 Qf6 35.b4 Ke5 36.b5 cxb5 37.cxb5 Qd6
38.Re7+ Kd5 39.Rd7 Rd8 40.Rxd6+ Rxd6  1-0

[Event "Lev Polugaevsky Mem"]
[Site "Samara RUS"]
[Date "2011.07.06"]
[Round "2"]
[White "Zenzera,A"]
[Black "Potapov,P"]
[Result "1/2-1/2"]
[WhiteElo "2236"]
[BlackElo "2488"]

1.d4 f5 2.g3 Nf6 3.Bg2 g6 4.Nf3 Bg7 5.O-O O-O 6.c4 d6 7.Nc3 Qe8 8.d5 a5 9.Be3 Ng4
10.Bd4 Ne5 11.Nb5 Na6 12.Nxe5 dxe5 13.Bc3 Bd7 14.a4 b6 15.c5 Bxb5 16.axb5 Nxc5
17.b4 Ne4 18.Bxe4 fxe4 19.bxa5 Qxb5 20.Rb1 Qc4 21.Rc1 Qa6 22.Bb4 bxa5 23.Bxe7 Rfc8
24.Qc2 a4 25.Ba3 Bh6 26.Rce1 e3 27.fxe3 Bxe3+ 28.Kg2 Rab8 29.Qe4 Rb3 30.Be7 Bh6
31.Rf6 Qb7 32.Ref1 Rb5 33.Rxg6+ hxg6 34.Qxg6+ Bg7 35.Qf7+ Kh8 36.Qh5+ Kg8
37.Qf7+ Kh8 38.Qh5+ Kg8 39.Qf7+ Kh8 40.Qh5+  1/2-1/2

[Event "Myrhorod Open A"]
[Site "Myrhorod UKR"]
[Date "2011.07.11"]
[Round "4.3"]
[White "Tytynnik,A"]
[Black "Nosenko,A"]
[Result "1/2-1/2"]
[WhiteElo "2234"]
[BlackElo "2521"]

1.d4 f5 2.g3 Nf6 3.Bg2 g6 4.Nf3 Bg7 5.O-O O-O 6.c4 d6 7.Nc3 Nc6 8.d5 Na5
9.Nd2 c5 10.Qc2 e5 11.dxe6 Bxe6 12.b3 Nc6 13.Bb2 Nd4 14.Qd1 d5 15.e3 Nc6
16.Nxd5 Nxd5 17.Bxg7 Kxg7 18.cxd5 Bxd5 19.Bxd5 Qxd5 20.Nc4 Rad8 21.Qe2 Kg8
22.Rfd1 Qe6 23.Rxd8 Rxd8 24.Rd1 Rd5 25.Rxd5 Qxd5 26.h4 b5 27.Nd2 a6 28.e4 Qe5
29.Qd3 Qd4 30.Qe2 Ne5 31.exf5 gxf5 32.Nf3 Nxf3+  1/2-1/2

[Event "XX Adolf Anderssen Memorial Open"]
[Site "Wroclaw POL"]
[Date "2011.07.11"]
[Round "9"]
[White "Koziak,V"]
[Black "Lach,A"]
[Result "1-0"]
[WhiteElo "2484"]
[BlackElo "2154"]

1.d4 f5 2.c4 Nf6 3.g3 g6 4.Bg2 Bg7 5.Nf3 O-O 6.O-O d6 7.Nc3 e6 8.Qc2 c5 9.Rd1 Qe7
10.dxc5 dxc5 11.Bf4 Ne8 12.e4 Nc6 13.e5 h6 14.h4 Bd7 15.Qd2 Rf7 16.Bxh6 Nxe5
17.Bxg7 Nxf3+ 18.Bxf3 Nxg7 19.Bxb7 Rb8 20.Bg2 f4 21.Ne4 Bc6 22.b3 f3 23.Ng5 fxg2
24.Nxf7 Qxf7 25.Qd6 Rc8 26.Qxc5 Qf3 27.Rd4 Nf5 28.Rf4 Qe2 29.Qa5 Qd3 30.Qe5 Kf7
31.Re1 Qd7 32.g4 g5 33.hxg5  1-0

[Event "Myrhorod Open A"]
[Site "Myrhorod UKR"]
[Date "2011.07.13"]
[Round "7.3"]
[White "Grinev,V"]
[Black "Nosenko,A"]
[Result "1/2-1/2"]
[WhiteElo "2379"]
[BlackElo "2521"]

1.d4 f5 2.Nf3 Nf6 3.g3 g6 4.Bg2 Bg7 5.O-O O-O 6.c4 d6 7.b4 c5 8.bxc5 dxc5
9.e3 Nc6 10.Bb2 Ne4 11.Nbd2 Be6 12.Rc1 Bf7 13.Nxe4 fxe4 14.Ne5 Bxe5 15.dxe5 Qxd1
16.Rfxd1 Rfd8 17.Bxe4 Rxd1+ 18.Rxd1 Bxc4 19.Rd7 Rb8 20.Ba3 Bxa2 21.Bxc5 Be6
22.Rc7 a5 23.Kg2 a4 24.h3 Bb3 25.f4 e6 26.Kf3 Bd1+ 27.Kf2 Na5 28.Be7 Bb3
29.Bf6 Bd5 30.Bb1 b5 31.Rg7+ Kf8 32.Rxh7 Rb7 33.Rh8+ Kf7 34.h4 a3 35.g4 a2
36.Bc2 Bb3 37.Rh7+ Kf8 38.Rh8+  1/2-1/2